[Event "FIDE Candidates 2018"]
[Site "Berlin GER"]
[Date "2018.03.10"]
[Round "1"]
[White "Aronian, Levon"]
[Black "Ding, Liren"]
[Result "1/2-1/2"]
[WhiteElo "2794"]
[BlackElo "2769"]
[PlyCount "43"]
[EventDate "2018.03.10"]

1. c4 Nf6 2. Nc3 e6 3. e4 d5 4. e5 d4 5. exf6 dxc3 6. bxc3 Qxf6 7. d4 b6 8. h4
(8. Be2 Bb7 9. Bf3 Bxf3 10. Nxf3 Bd6 11. Qa4+ c6 12. O-O O-O 13. Rb1 Bc7 14.
Re1 Rc8 15. Kh1 Qf5 {Svidler,P (2763)-Ding,L (2774) Palma de Mallorca 2017})
8... Bb7 9. Bg5 Qf5 10. Bd3 $146 (10. Rh3 h6 11. Bd3 Qa5 12. Bd2 Nd7 13. Nf3
O-O-O 14. Kf1 Be7 15. h5 Nc5 16. Ne5 Nxd3 17. Rxd3 Rhf8 {Budczies,J-Vogt,L 
(2500) Bochum 1990}) 10... Qa5 11. Kf1 Nc6 12. Rb1 f6 13. Bd2 O-O-O 14. a4 e5
15. c5 ({Aronian also looked at} 15. Rh3 {but wasn't sure about} exd4 16. cxd4
Bb4) 15... Bxc5 16. Rb5 Qa6 17. Rh3 (17. Bf5+ Kb8 18. dxc5 Ne7 19. Bc2 c6 20.
c4 cxb5 21. cxb5 Qa5 22. Bxa5 Rxd1+ 23. Bxd1 bxa5 {with a decent position for
Black (Aronian).}) 17... Bxd4 $1 {"Somehow I felt this shouldn't be a good
move. I don't know why." (Aronian)} (17... exd4 18. Rxc5 bxc5 19. Qg4+ Rd7 20.
Bxa6 Bxa6+ 21. Ke1 Re8+ 22. Kd1 Ne5 {looked unclear to Aronian. "I would say I
was a bit worried about this."}) 18. Be2 Rd6 $1 (18... Kb8 19. Rg3 $5 {Aronian}
) 19. Rb1 (19. Rb2 Qa5 20. cxd4 Qd5 21. dxe5 Nxe5 {Aronian wasn't sure about
this. "Then I felt, short of time, if something goes wrong it goes really
wrong."} 22. Nf3 $5 Rhd8 {looked dangerous to him, but engines like it for
White.}) 19... Qa5 20. Rb5 (20. cxd4 Qd5 21. Nf3 (21. Rb5 Qa2) 21... Nxd4)
20... Qa6 (20... Bxc3 21. Rd3 Rxd3 22. Bxd3 Ba6 23. Bxc3 Qxc3 24. Ne2 Qa3 25.
Rb3 Qxa4 26. Bf5+ Kb8 27. Rxb6+ cxb6 28. Qxa4 Bxe2+ 29. Kxe2 Nd4+ 30. Kd3 Nxf5
31. Qd7) 21. Rb1 Qa5 22. Rb5 (22. c4 $2 Bc5 {is asking for trouble.}) 1/2-1/2

[Event "FIDE Candidates 2018"]
[Site "Berlin GER"]
[Date "2018.03.10"]
[Round "1"]
[White "Kramnik, Vladimir"]
[Black "Grischuk, Alexander"]
[Result "1-0"]
[WhiteElo "2800"]
[BlackElo "2767"]
[PlyCount "95"]
[EventDate "2018.03.10"]

1. d4 Nf6 2. Nf3 g6 3. b3 $5 {A rare move that has been played by the likes of
Smyslov, Kortchnoi and Portisch. "Just another way to reach the normal setup."
(Kramnik)} c5 $5 {Played after six moves.} (3... Bg7) 4. dxc5 Qa5+ 5. Nbd2 Qxc5
6. Bb2 Bg7 7. e3 O-O 8. c4 b6 $146 (8... d6 9. Be2 Nbd7 10. O-O b6 11. Rc1 Bb7
12. Nb1 Ne4 13. Bd4 Qf5 14. Bxg7 Kxg7 15. Nbd2 Ndf6 {Grachev,B (2655)
-Chatalbashev,B (2552) Astana 2017}) 9. Be2 Bb7 10. O-O Qc7 11. Rc1 d6 12. Nb1
Nbd7 13. Nc3 Rac8 14. Rc2 Qb8 15. Qa1 a6 16. Rd2 Rfe8 17. Rfd1 Ba8 (17... Nc5)
18. Ng5 $5 (18. h3) 18... Rc5 (18... b5 19. cxb5 Rc5 20. Nf3 (20. Nxf7 Kxf7 21.
bxa6 {Grischuk}) 20... axb5 21. b4 Rh5 22. h3 {Kramnik}) 19. Nh3 (19. Nd5 b5)
19... b5 20. Nf4 (20. cxb5 axb5 21. b4 Rf5) 20... bxc4 21. Bxc4 (21. bxc4)
21... Rg5 (21... Ne5 22. Be2 (22. Bxa6 $2 Bxg2 $1 23. Kxg2 Qa8+)) 22. Ncd5 Ne5
23. Be2 Ne4 $6 {Kramnik didn't like this move.} (23... e6 24. Nxf6+ Bxf6 25. h4
Rf5 (25... Rxg2+ 26. Nxg2 Qb7 27. f3) 26. Rxd6) (23... Ned7) 24. Rd4 ({
Grischuk had seen} 24. Rc2 e6 25. Nc7 Rc8 26. Nxa6 Rxc2 27. Nxb8 Rxe2 28. Nxe2
Nf3+ 29. Kf1 Nxh2+ 30. Ke1 Rxg2) 24... Nc5 25. h4 Rf5 26. e4 ({Kramnik also
considered} 26. g4 {which might be better.}) 26... Rxf4 27. Nxf4 Nxe4 28. Nd5
Nc5 29. Rb4 Qa7 30. Ne3 {Setting a trap in his opponent's time trouble...} a5 {
...which Grischuk falls for.} 31. Rb5 Ne6 ({The point was} 31... Bc6 32. Rxc5
Qxc5 33. Bd4 Qb4 34. f4 {Kramnik}) 32. Rxe5 dxe5 33. Bxe5 Qc5 34. Bxg7 Nxg7 35.
Qd4 Qxd4 36. Rxd4 Bc6 37. Rd2 Rb8 $6 ({After} 37... Ne6 {White's advantage is
not so big.}) 38. Rc2 Be8 39. Rc7 Kf8 40. Ra7 a4 41. bxa4 Rb1+ 42. Kh2 Rb4 ({
Kramnik suggested} 42... Rb2 43. Bc4 Rxf2 44. a5 Rf4 {but it's still pretty
bad for Black after} 45. Rc7 $1 Rxh4+ 46. Kg1) 43. a5 Rxh4+ 44. Kg1 $1 {
Grischuk had missed this.} Ra4 45. Bc4 Bc6 46. Rc7 Be8 47. a6 Nh5 48. Nd5 1-0

[Event "FIDE Candidates 2018"]
[Site "Berlin GER"]
[Date "2018.03.10"]
[Round "1"]
[White "Karjakin, Sergey"]
[Black "Mamedyarov, Shakhriyar"]
[Result "0-1"]
[WhiteElo "2763"]
[BlackElo "2809"]
[PlyCount "142"]
[EventDate "2018.03.10"]

1. e4 e5 2. Nf3 Nc6 3. Bb5 g6 4. c3 a6 (4... d6 5. d4 Bd7 6. O-O Bg7 7. Be3 Nf6
8. dxe5 dxe5 9. Nbd2 O-O 10. Re1 Re8 11. h3 h6 {Tari,A (2597)-Kamsky,G (2677)
Moscow 2018}) 5. Bxc6 dxc6 6. d4 exd4 7. cxd4 Bg4 8. Qb3 Bxf3 9. gxf3 Bg7 10.
Be3 $146 (10. Nc3 Ne7 11. Ne2 O-O 12. h4 c5 13. dxc5 a5 14. a4 Nc6 15. Bg5 Bf6
16. Rd1 Qe7 {Tobler,P (2154)-Egner,M (2188) corr. 2016}) 10... Ne7 11. Nc3 Bxd4
12. Bxd4 (12. O-O-O $5 c5 13. Ne2 Nc6 14. Qxb7 Na5 15. Qd5 Qxd5 16. exd5 Bxe3+
17. fxe3 O-O-O) 12... Qxd4 13. Qxb7 O-O 14. Qxc7 Rab8 {[Here] "I can play for
some advantage." *Mamedyarov} ({Interesting was} 14... Nd5 15. Nxd5 (15. exd5
Qd3 16. Nd1 Rfe8+) 15... cxd5 16. Qc3 {Mamedyarov}) 15. O-O Rxb2 16. Qxe7 Qxc3
17. Kg2 Rc2 18. Rad1 Rxa2 19. Rc1 Rc2 20. Rxc2 Qxc2 21. Ra1 Qc4 22. Qb7 Qb5 23.
Qxa6 Qg5+ 24. Kf1 Qf6 25. Kg2 Rb8 26. Ra5 $6 {An unfortunate square.} (26. Qa3
Rb5 27. Rd1) 26... Rb3 27. Qc8+ $6 {Also not the best.} (27. Qe2) 27... Kg7 28.
Qg4 Rb5 $1 {Now White has to take and Black gets a passer.} 29. Rxb5 cxb5 30.
Qd7 Qg5+ 31. Kf1 Qe5 32. h4 b4 33. Qb7 Qc3 34. e5 b3 35. Kg2 Qc4 36. Qb6 h6 37.
Kg3 Qd5 38. f4 Kh7 39. Qb8 Qc4 40. f3 Qc3 41. Qf8 Qc4 42. Qb8 Kg7 43. Qb6 Qd5
44. Qb8 Qd1 45. Qb7 Qg1+ 46. Kh3 Qe3 47. Kg2 Qe2+ 48. Kg3 Qe1+ 49. Kg2 Qe3 50.
Qb4 g5 51. hxg5 hxg5 52. fxg5 Qe2+ 53. Kg3 Qxe5+ $2 ({Winning was} 53... b2 54.
e6 Qe5+ 55. Kg2 fxe6) 54. Kf2 Qh2+ 55. Ke3 Qg1+ 56. Kf4 Qc1+ 57. Kg4 Qe3 58.
Kg3 $2 {Karjakin saw ghosts here.} (58. f4 Qg1+ 59. Kh4 Qf2+ 60. Kg4 Qe2+ 61.
Kg3 b2 62. Qc3+ Kh7 63. Qb3 $1 {is a draw.}) 58... Qxg5+ 59. Kf2 Qd5 60. Ke3
Kg6 61. Ke2 Kf6 62. Ke3 Ke6 63. Qb6+ Kd7 64. Qa7+ Kc6 65. Qa6+ Kc5 66. Qa4 Qc4
67. Qa5+ Kc6 68. Qa1 Kb5 69. Qb2 Kb4 70. Kd2 Qf4+ 71. Ke1 Qh4+ 0-1

[Event "FIDE Candidates 2018"]
[Site "Berlin GER"]
[Date "2018.03.11"]
[Round "2"]
[White "Ding, Liren"]
[Black "Caruana, Fabiano"]
[Result "1/2-1/2"]
[WhiteElo "2769"]
[BlackElo "2784"]
[PlyCount "91"]
[EventDate "2018.03.10"]

1. d4 Nf6 2. c4 e6 3. Nf3 d5 4. g3 Be7 5. Bg2 O-O 6. O-O dxc4 7. Qc2 b6 ({
Normal is} 7... a6 {e.g.} 8. a4 Bd7 9. Qxc4 Bc6 10. Bg5 h6 11. Bxf6 Bxf6 12.
Nc3 Bxf3 13. Bxf3 Qxd4 14. Qxc7 Nc6 15. Qxb7 Na5 16. Qc7 Qd8 17. Qf4 Rb8 {
Mamedyarov,S (2804)-Wei,Y (2743) Wijk aan Zee 2018}) 8. Ne5 Qxd4 9. Bxa8 Qxe5
10. Bf3 Nd5 11. Qxc4 Ba6 12. Qb3 $146 ({The normal move is} 12. Qa4 {e.g.} c5
13. Re1 b5 14. Qe4 Nc6 15. Nc3 Rd8 16. Rd1 Qxe4 17. Bxe4 Nd4 {Aronian,L (2799)
-Hou,Y (2652) Tbilisi 2017}) 12... Nc6 {Caruana remembered this was the move
to play, but said he "didn't remember the details."} 13. Qa4 Bb7 14. Nc3 Nd4
15. Bxd5 exd5 16. Bf4 (16. Qxa7 Ba8 17. Bf4 Qh5 18. Qxc7 Nf3+ 19. exf3 d4 {
"and it becomes a mess." (Caruana)}) 16... Qf6 17. Rad1 (17. Qxa7 Qc6 $1 {
Caruana}) 17... c5 18. Be3 Nf3+ (18... Nxe2+ 19. Nxe2 d4 20. Bf4 (20. Nf4 dxe3
(20... g5 21. Qd7 Bc8 22. Qxa7 gxf4 23. Bxf4 Bh3 24. Rfe1 Qc6 25. f3 Qxf3 26.
Rd2 {Ding}) 21. Nd5 {Ding}) 20... g5 21. f3 gxf4 22. Nxf4 Bd6 23. Qxa7 {Caruana
}) 19. exf3 d4 20. f4 ({Caruana expected} 20. Bf4 dxc3 21. Rfe1 cxb2 22. Qd7
Bxf3 23. Rb1 g5 24. Qxe7 Qxe7 25. Rxe7 gxf4 26. Rxb2 Rd8 27. Rb1) 20... dxc3 (
20... Bf3 21. Bxd4 Qf5 {doesn't work because of} 22. Nd5 $1 Qxd5 23. Bc3 Bxd1
24. Rxd1 {Caruana}) 21. bxc3 Bf3 ({Ding was afraid of} 21... Qe6 22. Bc1 {
but now Caruana's} c4 (22... Qe2 $6) {can be replied by} 23. Rde1 $1 Qd5 24. f3
{and White is better.}) 22. Rd3 Bc6 23. Qb3 Qf5 24. c4 Be4 25. Rd2 Qh5 (25...
Qg4 26. Bd4 $1 cxd4 27. f3 {Caruana}) 26. f3 Bxf3 27. f5 $6 {"This gives me a
chance to consolidate." (Caruana)} (27. Bd4 $5) 27... Bc6 28. Qd1 Qh3 29. Rff2
h6 30. Qf1 Qg4 31. Rf4 Qg5 32. Rd3 Qf6 33. Bd2 Ba8 34. h4 Qc6 35. Kh2 {"I
started to feel I was getting outplayed." (Caruana)} Bd6 36. Rf2 Be5 37. Bc3
Bxc3 38. Rxc3 Re8 39. f6 g6 40. Rcc2 (40. Rd3) 40... Re4 41. Rfe2 Qe6 42. Rxe4
Bxe4 43. Rf2 (43. Rd2 $5 Bf5 44. Qf4 Qxf6 45. Qxh6 Be6 46. h5 Bxc4 47. hxg6
fxg6 {Caruana}) 43... Bf5 44. Qc1 Kh7 45. Qc3 h5 46. a3 1/2-1/2

[Event "FIDE Candidates 2018"]
[Site "Berlin GER"]
[Date "2018.03.11"]
[Round "2"]
[White "Mamedyarov, Shakhriyar"]
[Black "Aronian, Levon"]
[Result "1/2-1/2"]
[WhiteElo "2809"]
[BlackElo "2794"]
[PlyCount "48"]
[EventDate "2018.03.10"]

1. d4 Nf6 2. c4 e6 3. Nc3 Bb4 4. Qc2 O-O 5. a3 Bxc3+ 6. Qxc3 d5 7. Bg5 h6 8.
Bxf6 Qxf6 9. Nf3 c6 10. g3 $146 (10. e3 Nd7 11. Be2 dxc4 12. Qxc4 e5 13. O-O
exd4 14. Qxd4 Qxd4 15. Nxd4 Nf6 {Yu,Y (2751)-Ding,L (2777) Riadh 2017}) 10...
Nd7 11. Bh3 {"It is for me a new idea. It is just to play." (Mamedyarov)} b6 {
Afterward Aronian felt this was perhaps a bit risky.} (11... Qd8 12. O-O b6 {
Aronian}) 12. cxd5 cxd5 13. Qc6 Rb8 {The critical moment of the game.} 14. O-O
({"I need to play} 14. Rc1 {and it must be not so easy for Black." (Mamedyarov)
} Rd8 (14... g5 $5 15. O-O (15. Qd6 $5) 15... Qg7 {"It it works, it will work
wonderfully!" (Aronian)}) 15. Qa4 a5 16. Rc7 Rb7 (16... Qe7 17. Ne5 Nc5 18. Qc6
Bd7 19. dxc5) 17. Qc6) 14... Rd8 15. Rfc1 Ba6 16. Bf1 Bc4 $1 {Mamedyarov had
missed this.} 17. Qa4 (17. Rc3 a5 {Aronian}) 17... a5 18. b3 b5 19. Qxa5 Bxb3
20. Rc7 ({After} 20. Rc6 Bc4 21. Qc7 {Black is absolutely fine with e.g.} g5)
20... Bc4 21. Qa7 Ra8 22. Qb7 Rab8 23. Qa7 Ra8 24. Qb7 Rab8 1/2-1/2

[Event "FIDE Candidates 2018"]
[Site "Berlin GER"]
[Date "2018.03.11"]
[Round "2"]
[White "Kramnik, Vladimir"]
[Black "Karjakin, Sergey"]
[Result "1/2-1/2"]
[WhiteElo "2800"]
[BlackElo "2763"]
[PlyCount "109"]
[EventDate "2018.03.10"]

1. e4 e5 2. Nf3 Nc6 3. Bb5 Nf6 4. O-O Nxe4 5. d4 Nd6 6. Bxc6 dxc6 7. dxe5 Nf5
8. Qxd8+ Kxd8 9. h3 (9. Nc3 a5 (9... h6 10. Rd1+ Ke8 11. h3 Ne7 12. Be3 Ng6 13.
a3 Be7 14. Rd2 a6 15. Re1 Nh4 16. Nxh4 Bxh4 17. Ne2 Be7 18. Nf4 h5 19. e6 Bd6
20. e7 Kxe7 21. c4 Bxf4 22. Bxf4+ Be6 23. Bg5+ Kf8 24. b3 Kg8 {½-½ Kramnik,V
(2754)-Anand,V (2786) Monte Carlo MNC 2005}) (9... Ne7 10. h3 Ng6 11. Ne4 Be7
12. b3 h5 13. Re1 Bf5 14. Nd4 Bd7 15. Ng5 Bxg5 16. Bxg5+ Ke8 17. e6 fxe6 18.
Nxe6 Bc8 {1-0 (18) Kramnik,V (2729)-Aleksandrov,A (2634) Turin ITA 2006}) 10.
h3 a4 11. Rd1+ Ke8 12. a3 h6 13. Bf4 Be6 14. Ne4 Ra5 15. g4 Bd5 16. Re1 Ne7 17.
e6 Bxe4 18. exf7+ Kxf7 19. Rxe4 Ng6 20. Bxc7 Rb5 21. Ne5+ Nxe5 22. Bxe5 Bc5 23.
Bc3 Ra8 24. Rd1 Bf8 25. Rd7+ Kg8 26. Kg2 {1-0 Kramnik,V (2777)-Ivanchuk,V 
(2716) Monte Carlo MNC 2004}) 9... Ke8 10. Nc3 h5 11. Bf4 (11. Rd1 Be7 12. Ne2
Be6 13. Nf4 Bc8 14. Ne2 Be6 15. b3 a5 16. a4 Rd8 {Vachier Lagrave,M (2793)
-Nakamura,H (2781) Caleta 2018}) (11. Ne2 b6 12. Rd1 Ba6 13. Nf4 Bb7 14. a4 Be7
15. e6 Bd6 16. exf7+ Kxf7 17. Ng5+ Kf6 18. Ne4+ Kf7 19. a5 c5 {Kramnik,V (2811)
-Malakhov,V (2712) Sochi RUS 2017}) 11... Be7 12. Rad1 Be6 13. Ng5 Rh6 14. Rfe1
Bb4 15. a3 ({The main move is} 15. g4 {played six times by Vachier-Lagrave and
also once by Karjakin.}) 15... Bxc3 16. bxc3 Ne7 17. Nf3 Rh8 18. Bg5 $146 (18.
Nd4 a6 19. Bg5 c5 20. Nxe6 fxe6 21. c4 Rd8 22. Rxd8+ Kxd8 23. a4 b6 {Yu,Y 
(2724)-Malakhov,V (2706) China 2015}) 18... c5 19. Nd2 {Kramnik's preparation
was roughly until here.} Kf8 20. Nf1 Nf5 (20... Nd5 21. f4 {is dangerous 
(Karjakin).}) 21. g3 {With the idea f3, Kg2 and push the pawns but...} (21. Re4
$5) 21... Ne7 $1 {Kramnik missed that Black can just go back.} 22. Kg2 {
"Black is holding by tempi. If I manage my knight on e3 here it's almost over.
" (Kramnik)} (22. Ne3 Bxh3 23. Bxe7+ Kxe7 24. Nd5+ Kf8 25. Nxc7 Rc8 26. e6 fxe6
27. Nxe6+ Bxe6 28. Rxe6 Re8 {should be a draw (Kramnik).}) 22... Nd5 23. c4 Nb6
24. Ne3 Nxc4 25. Nxc4 (25. Nd5 Nb2 26. Nxc7 Nxd1 27. Nxa8 Nb2 ({After} 27...
Nc3 28. Nc7 {Kramnik mentioned} Kg8 {but that doesn't seem to work tactically:}
29. Nxe6 fxe6 30. Re3 Nd5 31. Rb3 b6 32. c4 Nc7 33. Rd3) 28. Nc7) 25... Bxc4
26. g4 hxg4 27. hxg4 Bb5 28. Kg3 Re8 29. f4 {Here Kramnik thought his position
was close to winning.} b6 (29... Ba4 {Karjakin}) 30. f5 ({Karjakin was a bit
worried about} 30. Bd8) 30... Ba4 31. Rc1 (31. Rh1 Rxh1 32. Rxh1 Kg8 33. Kf4
Bxc2 34. f6 Rd8 {Karjakin/Kramnik}) (31. Kf4 Kg8) 31... Kg8 32. c4 Bc6 33. Rcd1
Ba4 34. Rc1 Bc6 35. Bh4 Ba4 36. Rc3 Bc6 37. Rce3 Rh6 38. Bg5 (38. Rd3 f6 39. e6
g5 $1 {Kramnik} 40. fxg6 Kg7) 38... Rh7 ({One journalist suggested} 38... Rh1
39. Rxh1 Bxh1 {but that's very dangerous:} 40. Kf4 Bc6 41. Rh3 $1 {followed by
42.f6.}) 39. R3e2 (39. Bf4 Rd8 40. e6 fxe6 41. fxe6 {Kramnik} Rd2 $1 42. R1e2
Rd1) 39... Ba4 40. Re3 Rh8 41. Bh4 (41. e6 fxe6 42. Rxe6 Rxe6 43. Rxe6 Rh1 {
Kramnik}) (41. Rd3 f6 42. Bf4 fxe5 43. Bxe5 Kf7) 41... Rh6 42. e6 fxe6 43. g5
Rh8 44. Rxe6 (44. g6 Rh5) 44... Rf8 $1 45. R6e5 $6 ({It looks like Kramnik
missed a big chance here. He had seen} 45. Kg4 $1 Bd7 46. g6 $3 Bxe6 47. fxe6
Rh6 48. Kg5 Rf6 {"Here I stopped [calculating], but maybe I shouldn't have
stopped." (Kramnik)} 49. e7 Rhxg6+ 50. Kh5 Re6 51. e8=Q+ Rxe8 52. Rxe8+ Kh7 53.
Re7 {with winning chances.}) 45... Bc2 46. f6 gxf6 47. gxf6 Rh7 48. Rg5+ Kh8
49. Re7 Rg8 50. Rxh7+ Kxh7 51. Rxg8 Kxg8 52. Kf2 Bb3 53. Bg3 Bxc4 54. Bxc7 Bd5
55. Bb8 1/2-1/2

[Event "FIDE Candidates 2018"]
[Site "Berlin GER"]
[Date "2018.03.12"]
[Round "3.1"]
[White "Caruana, Fabiano"]
[Black "Mamedyarov, Shakhriyar"]
[Result "1/2-1/2"]
[WhiteElo "2784"]
[BlackElo "2809"]
[PlyCount "98"]
[EventDate "2018.03.10"]

1. e4 c5 2. Nf3 d6 3. d4 cxd4 4. Nxd4 Nf6 5. Nc3 a6 6. f3 e5 7. Nb3 Be6 8. Be3
Be7 9. Qd2 Nbd7 10. g4 O-O 11. g5 Nh5 12. O-O-O b5 13. Nd5 Bxd5 14. exd5 f6 15.
gxf6 Bxf6 16. Kb1 (16. Na5 Qc7 17. Nc6 Nf4 18. c4 bxc4 19. Bxc4 a5 20. a3 Nb6 {
Hracek,Z (2613)-Dziuba,M (2584) Czech Republic 2017}) 16... Nf4 17. Rg1 Kh8 18.
Bd3 Bg5 19. Na5 Bh6 20. Nc6 $146 (20. Be4 Qh4 21. Nb7 Qe7 22. Rge1 Nf6 23. Na5
Qe8 24. Bxf4 Nxe4 25. fxe4 Rxf4 26. Qb4 Qd7 {Karg,H (2183)-Kuosa,N (2568) corr.
2009}) 20... Qh4 21. Qb4 Rf6 22. a4 Qxh2 23. Be4 Qe2 24. Bxf4 Bxf4 25. Qa5 Nc5
26. Qc7 Bh6 27. Nd8 Nxe4 ({Initially Mamedyarov was planning} 27... bxa4 28.
Nf7+ Rxf7 29. Qxf7 Qb5 {with a possibly winning attack, but then he suddenly
noticed}) (27... bxa4 28. Qe7 $1 Qb5 29. Qxf6 $1 {and Black can resign.}) ({
Besides,} 27... Rf8 28. Nf7+ Rxf7 29. Qxf7 Nxe4 {wasn't a good move order
because of} 30. Qb7 $1 {preventing ...Rc8.}) 28. fxe4 Rf8 29. Nf7+ ({Strong was
} 29. Rde1 $1 Qh5 (29... Qc4 30. Nf7+ {is the same as in the game but with an
extra pawn for White}) {but somehow both players misevaluated} 30. Ne6 {
which according to engines is close to winning.}) 29... Rxf7 30. Qxf7 Rc8 31.
Rc1 Qxe4 32. Rgf1 ({Engines don't agree with Caruana that Black is better, and
go} 32. Rg3 $5 {e.g.} bxa4 33. Qe6) 32... Bf4 33. Rg1 Bh6 34. Rgf1 Rg8 35. Rcd1
bxa4 36. Qe7 Qg6 37. Rf8 Bg5 38. Rxg8+ Kxg8 39. Qd7 h5 40. Rg1 e4 41. Qxa4 e3
42. Qxa6 Qf5 43. Qa8+ Kh7 44. Qe8 Bf4 45. Qe6 g6 ({The players had seen that} 
45... Qxe6 46. dxe6 Kg8 47. e7 Kf7 48. Rxg7+ Ke8 49. Rg1 h4 50. c3 Bg3 51. Kc2
e2 52. Kd2 e1=Q+ 53. Rxe1 Bxe1+ 54. Kxe1 Kxe7 55. Ke2 {is a draw.}) 46. Rf1 Kg7
$6 ({Caruana was worried about} 46... Kh6 {when he has to play} 47. b4 {
which is also risky in timetrouble.}) {But now White has} 47. Qxf5 $1 gxf5 48.
c4 Bg3 (48... h4 $2 49. Kc2) 49. Rg1 h4 ({The players agreed to a draw due to
the following line:} 49... h4 50. Kc2 e2 51. Kd2 e1=Q+ 52. Rxe1 Bxe1+ 53. Kxe1
h3 54. Kf2 f4 55. b4 Kf6 56. c5 dxc5 57. bxc5 Ke5 58. d6 Ke6 59. Kf3 Kd7 60.
Kf2) 1/2-1/2

[Event "FIDE Candidates 2018"]
[Site "Berlin GER"]
[Date "2018.03.12"]
[Round "3.2"]
[White "So, Wesley"]
[Black "Ding, Liren"]
[Result "1/2-1/2"]
[WhiteElo "2799"]
[BlackElo "2769"]
[PlyCount "73"]
[EventDate "2018.03.10"]

1. e4 e5 2. Nf3 Nc6 3. Bb5 a6 4. Ba4 Nf6 5. O-O Be7 6. Re1 b5 7. Bb3 O-O 8. c3
d5 9. exd5 Nxd5 10. Nxe5 Nxe5 11. Rxe5 c6 12. Re1 Bd6 13. d3 Bf5 14. Qf3 Qh4
15. g3 Qh3 16. Be3 Bxd3 17. Nd2 Qf5 18. Bd4 Rfd8 $5 (18... Rfe8 19. a4 h6 20.
Qxf5 (20. h4 Rxe1+ 21. Rxe1 Rd8 22. Qxf5 Bxf5 23. axb5 axb5 24. Bxd5 cxd5 {
Saric,I (2662)-Aronian,L (2801) Hersonissos GRE 2017}) 20... Bxf5 21. Nf3 Be6
22. Be5 Bc5 {Caruana,F (2811) -Svidler,P (2768) Wijk aan Zee 2018}) 19. a4 h6
20. h4 $146 (20. Kg2 Bf8 21. Re5 Qxf3+ 22. Kxf3 b4 23. Rd1 bxc3 24. bxc3 Rab8 {
Alekseenko,K (2609)-Matlakov,M (2709) Moscow 2018}) 20... Rac8 ({Ding didn't
like} 20... Bf8 21. Re5 Qxf3 22. Nxf3) 21. axb5 axb5 22. Bxd5 (22. Qxf5 Bxf5
23. Ne4 c5 $5 24. Nxd6 (24. Bxg7 Bxe4 25. Rxe4 c4) 24... Rxd6 25. Be5 Rd7 {Ding
}) (22. Ra7 Ra8 23. Rea1 Rxa7 24. Rxa7 Re8 25. Qxf5 Bxf5 26. Ra6 Ne7) 22...
cxd5 23. Qxf5 Bxf5 24. Ra5 b4 25. Rxd5 Be6 26. Ra5 (26. Rb5 Ra8 {So}) 26...
bxc3 27. Bxc3 Rb8 28. Nf1 Bb4 29. Raa1 Bc5 (29... Bxc3 30. bxc3 Rb2 {is
another way to draw. "I was not sure about my calculation so I decided to play
it simple." (Ding)}) 30. Ne3 Rd3 31. Red1 Rbd8 32. Rxd3 Rxd3 33. Rd1 Rxd1+ 34.
Nxd1 Bb3 35. Ne3 Bxe3 36. fxe3 Kf8 37. Kf2 1/2-1/2

[Event "FIDE Candidates 2018"]
[Site "Berlin GER"]
[Date "2018.03.12"]
[Round "3.3"]
[White "Karjakin, Sergey"]
[Black "Grischuk, Alexander"]
[Result "1/2-1/2"]
[WhiteElo "2763"]
[BlackElo "2767"]
[PlyCount "60"]
[EventDate "2018.03.10"]

1. e4 e5 2. Nf3 Nc6 3. Bc4 Bc5 4. d3 Nf6 5. Nc3 h6 6. h3 d6 7. Na4 Bb6 8. a3
Ne7 (8... O-O 9. O-O Be6 10. Re1 Bxc4 11. dxc4 Nd4 12. Nh4 Nd7 13. g3 Qf6 {
Artemiev,V (2691)-Mamedyarov,S (2799) Huaian 2017}) 9. b4 $146 (9. Nxb6 axb6
10. O-O O-O 11. Nh4 g5 12. Qf3 Kg7 13. Nf5+ Bxf5 14. exf5 Qd7 15. g4 Qc6 {
Neiksans,A (2503)-Ivanchuk,V (2764) Warsaw 2010}) 9... Ng6 10. O-O O-O 11. c3
c6 12. Nxb6 axb6 13. Bb3 Re8 14. Re1 Be6 15. Bc2 d5 16. exd5 ({"I could have
played} 16. Be3 {but I felt it is also dangerous for White. I didn't like my
position very much." (Karjakin)}) 16... Nxd5 17. Bd2 Bf5 18. d4 Bxc2 (18... e4
$6 19. Nh2 Nf6 20. Nf1 {Grischuk/Karjakin}) 19. Qxc2 exd4 20. Rxe8+ Qxe8 21.
Nxd4 b5 22. a4 bxa4 23. Rxa4 Rxa4 24. Qxa4 Ngf4 25. Qd1 (25. c4 Qe4 26. Qa8+
Kh7 27. Nf3 {is also OK for White.}) 25... Qe4 26. Qf1 Ne6 (26... Nxb4 $2 {
fails to} 27. Bxf4 Qxf4 28. Ne2) 27. f3 Qg6 28. Nxe6 Qxe6 29. Qd3 b5 30. c4
bxc4 1/2-1/2

[Event "FIDE Candidates 2018"]
[Site "Berlin GER"]
[Date "2018.03.14"]
[Round "4"]
[White "Karjakin, Sergey"]
[Black "Aronian, Levon"]
[Result "0-1"]
[WhiteElo "2763"]
[BlackElo "2794"]
[PlyCount "136"]
[EventDate "2018.03.10"]

1. d4 Nf6 2. c4 e6 3. Nf3 d5 4. Nc3 Bb4 5. Bg5 dxc4 6. e4 c5 7. Bxc4 cxd4 8.
Nxd4 Bxc3+ 9. bxc3 Qa5 10. Bb5+ Nbd7 11. Bxf6 Qxc3+ 12. Kf1 gxf6 13. h4 Qb4 14.
Rb1 $6 ({Karjakin mixed up the line. White should play} 14. Rh3 {first:} a6 15.
Be2 Ne5 16. Rb1 Qd6 17. Rc3 O-O 18. h5 Rd8 19. Qb3 Bd7 {Giri,A (2769)
-Harikrishna,P (2758) Shenzhen 2017}) 14... Qd6 15. Rh3 a6 16. Be2 Nc5 $1 $146
{This moves makes things different. Black threatens 17...e5 and is much better.
} (16... Ne5 17. h5 b5 18. Rc3 Bd7 19. Nb3 Qxd1+ 20. Rxd1 Ke7 21. f4 Nc4 22.
Nc5 Bc6 23. Bxc4 bxc4 24. a4 Rhc8 25. Rd4 {½-½ Lalith,B (2502)-Bindrich,F 
(2522) Chotowa 2010}) 17. Rc3 Nxe4 18. Rd3 O-O 19. Qc1 Qe5 20. Bf3 f5 21. Qh6
Qf6 22. Qxf6 Nxf6 23. Bxb7 Bxb7 24. Rxb7 Rac8 25. Rg3+ Kh8 26. Rgb3 Ne4 27. Rb2
Rfd8 28. Nb3 Rd1+ 29. Ke2 Nc3+ 30. Ke3 Kg7 31. g3 Kf6 32. Ra7 Rc6 33. Kf3 Nb5
34. Ra8 e5 35. Kg2 e4 36. a4 Na3 37. Rd2 Rxd2 38. Nxd2 e3 39. Nf3 Rc2 40. Rxa6+
Kg7 41. Nd4 Rxf2+ 42. Kg1 Nc2 43. Nxc2 Rxc2 44. Kf1 Rf2+ 45. Ke1 Rg2 46. Rb6
Rxg3 47. Rb4 Rg2 48. Rf4 Kg6 49. Rf3 Rg4 50. Rxe3 Rxa4 51. Kf2 Rxh4 52. Re8 Rg4
53. Kf3 Kg7 54. Re5 Kf6 55. Re8 h5 56. Rh8 Kg6 57. Kf2 Rg5 58. Kf3 Kg7 59. Ra8
h4 60. Kf2 h3 61. Ra3 Rh5 62. Kg1 Kg6 63. Kh2 f4 64. Ra7 f3 65. Ra1 f2 66. Rf1
Rf5 67. Kxh3 Kg5 68. Kg3 Rf4 0-1